[Event "Michigan Class B"]
[Site "Flint, MI"]
[Date "1991.01.26"]
[Round "3"]
[White "Johnston, Rowland"]
[Black "Aldrich, Jeff"]
[Result "1-0"]
[WhiteElo "1782"]
[BlackElo "1735"]
[PlyCount "75"]
[EventDate "1991.01.26"]

1. b4 d5 2. Bb2 e6 3. a3 Nf6 4. e3 c5 5. bxc5 Bxc5 6. Nf3 Nc6 7. d4 Bd6 8. c4
O-O 9. Nc3 dxc4 10. Bxc4 a6 11. O-O b5 12. Bd3 Bb7 13. Rc1 Rc8 14. Ne4 Bb8 15.
Nc5 Qb6 16. Ng5 h6 17. Nge4 Nxe4 18. Nd7 Qd8 19. Nxf8 Kxf8 20. Bxe4 Bxh2+ 21.
Kxh2 Qh4+ 22. Kg1 Qxe4 23. Qc2 Qg4 24. Qc5+ Kg8 25. f3 Qg3 26. Qb6 Rb8 27. Rxc6
Bxc6 28. Qxc6 b4 29. a4 Qg6 30. e4 Qg5 31. Qc1 Qa5 32. Qc6 b3 33. Qd6 Rd8 34.
Qe5 Qxa4 35. d5 f6 36. Qxe6+ Kf8 37. Ra1 Qc4 38. Ba3+ 1-0

[Event "Michigan Class B"]
[Site "Flint, MI"]
[Date "1991.01.26"]
[Round "1"]
[White "Griffin, John"]
[Black "Aldrich, Jeff"]
[Result "0-1"]
[WhiteElo "1648"]
[BlackElo "1735"]
[PlyCount "94"]
[EventDate "1991.01.26"]

1. d4 d5 2. c4 e6 3. g3 Nf6 4. Bg2 c6 5. Nf3 Nbd7 6. O-O Bd6 7. b3 Ne4 8. Qc2
O-O 9. Nbd2 f5 10. Bb2 Ndf6 11. Nxe4 Nxe4 12. Nd2 Bd7 13. Nxe4 fxe4 14. e3 Qe7
15. a4 e5 16. dxe5 Bxe5 17. Rac1 Bg4 18. Bxe5 Qxe5 19. Qc3 Qh5 20. cxd5 cxd5
21. Qd4 Rf5 22. Rc7 Qh6 23. Rfc1 Rh5 24. h4 b6 25. R1c6 g6 26. Qf6 Qf8 27.
Qxf8+ Kxf8 28. Rf6+ Kg8 29. Rff7 a6 30. b4 a5 31. bxa5 Rxa5 32. Ra7 Rxa7 33.
Rxa7 Rf5 34. Bf1 Rf7 35. Rxf7 Kxf7 36. Bb5 Ke7 37. Kf1 Bd7 38. Ke2 Bxb5+ 39.
axb5 Kd6 40. f3 Kc5 41. f4 Kxb5 42. g4 Kc5 43. f5 gxf5 44. gxf5 Kd6 45. Kd2 Ke5
46. Kc3 Kxf5 47. Kd4 Ke6 0-1

[Event "Michigan Masters/Experts"]
[Site "Flint, Mich."]
[Date "1991.01.26"]
[Round "1"]
[White "Avery, Robert"]
[Black "Moody, David"]
[Result "1-0"]
[WhiteElo "2161"]
[BlackElo "2043"]
[PlyCount "55"]
[EventDate "1991.01.26"]

1. d4 Nf6 2. c4 c5 3. d5 d6 4. Nc3 g6 5. e4 Bg7 6. Be2 O-O 7. Nf3 e6 8. dxe6
fxe6 9. Bg5 Nc6 10. Qd2 Nd4 11. Nxd4 cxd4 12. Qxd4 Nxe4 13. Qxg7+ Kxg7 14. Bxd8
Nxc3 15. Be7 Rf4 16. Bxd6 Nxe2 17. Kxe2 Rxc4 18. Rac1 Rc6 19. Rxc6 bxc6 20. Rc1
Kf6 21. Rxc6 Bb7 22. Rc7 Bxg2 23. Bc5 a5 24. Rxh7 a4 25. a3 Bd5 26. Ke3 Kf5 27.
h3 Rd8 28. Rf7+ 1-0

[Event "Michigan Class B"]
[Site "Flint, MI"]
[Date "1991.01.26"]
[Round "2"]
[White "Aldrich, Jeff"]
[Black "Tomycz, Nestor"]
[Result "1-0"]
[WhiteElo "1735"]
[BlackElo "1796"]
[PlyCount "127"]
[EventDate "1991.01.26"]

1. d4 d5 2. c4 Nf6 3. Nc3 e6 4. Bg5 Be7 5. e3 O-O 6. Nf3 h6 7. Bxf6 Bxf6 8. Bd3
dxc4 9. Bxc4 a6 10. Ne4 Be7 11. O-O b5 12. Bd3 Bb7 13. Rc1 Nd7 14. Qc2 Rc8 15.
Rfd1 Bxe4 16. Bxe4 Bd6 17. a3 Rb8 18. Bc6 Nf6 19. e4 Nd7 20. e5 Be7 21. Bxd7
Qxd7 22. Qxc7 Qxc7 23. Rxc7 Rfe8 24. d5 exd5 25. Rxd5 Rbc8 26. Rxc8 Rxc8 27. g3
b4 28. axb4 Bxb4 29. Rd4 a5 30. b3 Kf8 31. Nd2 Rc2 32. Ne4 Ke7 33. Kh1 f5 34.
exf6+ gxf6 35. g4 Ke6 36. f4 f5 37. gxf5+ Kxf5 38. Ng3+ Kg4 39. f5+ Kh3 40. Nf1
Rc3 41. f6 Rf3 42. Ng3 Rxf6 43. Rd3 Kg4 44. Kg2 Rf4 45. Ne2 Rf8 46. Rg3+ Kf5
47. Nd4+ Ke4 48. Nc6 Be1 49. Rg6 Bd2 50. Rd6 Rf5 51. Rxd2 Rc5 52. Rd4+ Ke3 53.
Rc4 Rxc4 54. bxc4 a4 55. c5 Kd3 56. Nb4+ Kc4 57. c6 Kxb4 58. c7 a3 59. c8=Q Kb3
60. Qb7+ Kc2 61. Qa6 Kb2 62. Qb5+ Ka1 63. Qb3 a2 64. Qc2 1-0

[Event "Michigan Masters/Experts"]
[Site "Flint, Mich."]
[Date "1991.01.27"]
[Round "4"]
[White "Moody, David"]
[Black "Calton, Bill"]
[Result "0-1"]
[WhiteElo "2043"]
[BlackElo "2027"]
[PlyCount "26"]
[EventDate "1991.01.26"]

1. e4 Nf6 2. Nc3 d5 3. e5 Nfd7 4. e6 fxe6 5. d4 c5 6. Bd3 g6 7. Nf3 Nc6 8. Qe2
cxd4 9. Nb5 e5 10. Bf4 Bg7 11. Ng5 Nc5 12. Nxh7 Nxd3+ 13. Qxd3 Bf5 0-1

[Event "Michigan Masters/Experts"]
[Site "Flint, Mich."]
[Date "1991.01.27"]
[Round "3"]
[White "Everett, Morgan"]
[Black "Moody, David"]
[Result "1/2-1/2"]
[WhiteElo "2124"]
[BlackElo "2043"]
[PlyCount "103"]
[EventDate "1991.01.26"]

1. e4 e5 2. Nf3 Nc6 3. Bb5 a6 4. Ba4 Nf6 5. O-O Be7 6. Re1 b5 7. Bb3 O-O 8. d4
exd4 9. e5 Ne8 10. c3 d5 11. Nxd4 Nxd4 12. cxd4 Be6 13. Nc3 Qd7 14. Qf3 Rd8 15.
Bf4 f6 16. exf6 Nxf6 17. Qe3 Ne4 18. f3 Rxf4 19. Nxe4 Rdf8 20. Nc3 R4f6 21.
Nxd5 Bxd5 22. Qxe7 Qxe7 23. Rxe7 Bxb3 24. axb3 Rd8 25. Rc1 c6 26. Ra1 Rxd4 27.
Rxa6 Rd1+ 28. Kf2 Rd2+ 29. Re2 Rxe2+ 30. Kxe2 Rh6 31. h3 Rg6 32. g4 Rh6 33. Ke3
Rxh3 34. Rxc6 Rh2 35. Rb6 Rxb2 36. Rxb5 Kf7 37. Rb7+ Kf6 38. b4 Rb1 39. b5 Rb3+
40. Ke4 Rb4+ 41. Kd5 Rf4 42. Rb8 Kg5 43. b6 Rxf3 44. b7 Rb3 45. Kc6 Kxg4 46.
Rg8 Rxb7 47. Kxb7 g5 48. Kc6 h5 49. Kd5 h4 50. Ke4 h3 51. Rh8 Kg3 52. Kf5
1/2-1/2

[Event "Michigan Class B"]
[Site "Flint, MI"]
[Date "1991.01.27"]
[Round "5"]
[White "Asbury, Victor"]
[Black "Aldrich, Jeff"]
[Result "0-1"]
[WhiteElo "1635"]
[BlackElo "1735"]
[PlyCount "80"]
[EventDate "1991.01.26"]

1. c4 Nf6 2. Nc3 e5 3. g3 c6 4. Bg2 d5 5. b3 Bc5 6. e3 Be6 7. d3 O-O 8. Nge2 a6
9. O-O b5 10. cxd5 cxd5 11. f4 exf4 12. Nxf4 Ra7 13. Qc2 Rc7 14. d4 Bb4 15. Bd2
Bxc3 16. Rac1 Bxd2 17. Qxd2 Rxc1 18. Rxc1 Qd6 19. b4 Ne4 20. Bxe4 dxe4 21. Rc5
Bc4 22. d5 Rd8 23. Qd4 Bd3 24. a3 Qf6 25. Qxf6 gxf6 26. Kf2 Bc4 27. Nh5 f5 28.
Nf6+ Kg7 29. Nh5+ Kh6 30. Nf4 Rd6 31. Rc8 Nd7 32. Ra8 Nf6 33. Ra7 Ng4+ 34. Ke1
Nxe3 35. Rxf7 Nxd5 36. Rxf5 Nxf4 37. Rxf4 e3 38. Re4 e2 39. Re5 Rd1+ 40. Kf2
Rf1+ 0-1

[Event "Michigan Class B"]
[Site "Flint, MI"]
[Date "1991.01.27"]
[Round "4"]
[White "Aldrich, Jeff"]
[Black "Foord, Alan"]
[Result "0-1"]
[WhiteElo "1735"]
[BlackElo "1680"]
[PlyCount "128"]
[EventDate "1991.01.26"]

1. d4 Nf6 2. c4 g6 3. Nc3 d5 4. cxd5 Nxd5 5. e4 Nxc3 6. bxc3 Bg7 7. Nf3 c5 8.
Be3 O-O 9. Qd2 Qa5 10. Rd1 Nc6 11. h3 Be6 12. c4 Qxd2+ 13. Rxd2 cxd4 14. Nxd4
Nxd4 15. Bxd4 Bxd4 16. Rxd4 Rfd8 17. Rd3 Rac8 18. f3 Rxd3 19. Bxd3 Bxc4 20.
Bxc4 Rxc4 21. Kd2 Ra4 22. Ra1 Ra3 23. Kc2 Kf8 24. Kb2 Re3 25. Rg1 Ke8 26. h4 h5
27. Kc2 Kd7 28. Rd1+ Kc6 29. Kd2 Ra3 30. Rc1+ Kb6 31. Rc2 Ka5 32. Ke2 b5 33.
Kf2 Kb4 34. Kg3 Rc3 35. Rb2+ Kc4 36. Kf4 b4 37. g4 a5 38. gxh5 gxh5 39. Kg5
Rxf3 40. Kxh5 Rg3 41. Rc2+ Kd3 42. Rc5 a4 43. Ra5 b3 44. axb3 axb3 45. Rb5 Kc2
46. Kh6 b2 47. h5 b1=Q 48. Rxb1 Kxb1 49. Kh7 e6 50. h6 f5 51. exf5 exf5 52. Kh8
Rh3 53. h7 Rxh7+ 54. Kxh7 f4 55. Kh6 f3 56. Kh5 f2 57. Kh4 f1=Q 58. Kg3 Kc2 59.
Kh2 Kd3 60. Kg3 Ke3 61. Kh2 Qf6 62. Kg2 Qf3+ 63. Kh2 Qg4 64. Kh1 Kf2 0-1

[Event "Afternoon Class (February)"]
[Site "Farmington Hills, Mich."]
[Date "1991.02.09"]
[Round "2"]
[White "Wright, William"]
[Black "Moody, David"]
[Result "1-0"]
[WhiteElo "2053"]
[BlackElo "2061"]
[PlyCount "77"]
[EventDate "1991.02.09"]

1. d4 Nf6 2. Nf3 b5 3. e3 a6 4. c4 bxc4 5. Bxc4 Bb7 6. Nc3 e6 7. O-O Bb4 8. Qb3
Bxf3 9. gxf3 Bd6 10. e4 Nc6 11. Be3 Rb8 12. Qc2 e5 13. d5 Nd4 14. Bxd4 exd4 15.
Ne2 Qe7 16. Kg2 Qe5 17. Rh1 Nh5 18. b3 Qg5+ 19. Kf1 Qf6 20. Qd3 Nf4 21. Nxf4
Bxf4 22. Bxa6 Be3 23. Ke2 Bf4 24. Bc4 O-O 25. Rag1 Qe5 26. h4 d6 27. h5 Rbe8
28. Rd1 f5 29. Qxd4 fxe4 30. fxe4 Qxe4+ 31. Qxe4 Rxe4+ 32. Kf3 Re5 33. a4 Be3+
34. Kg4 Rxf2 35. a5 Rg5+ 36. Kh4 Rf4+ 37. Kxg5 Rxc4+ 38. Kf5 Kf7 39. bxc4 1-0

[Event "Morning Quad (February)"]
[Site "Farmington Hills, Mich."]
[Date "1991.02.09"]
[Round "2"]
[White "Owens, James"]
[Black "Moody, David"]
[Result "1/2-1/2"]
[WhiteElo "2029"]
[BlackElo "2061"]
[PlyCount "83"]
[EventDate "1991.02.09"]

1. e4 e5 2. Nf3 Nc6 3. Bc4 Bc5 4. c3 Nf6 5. b4 Bb6 6. d3 d6 7. a4 a5 8. b5 Ne7
9. O-O Be6 10. Qb3 Bxc4 11. Qxc4 O-O 12. Be3 c6 13. bxc6 bxc6 14. Bxb6 Qxb6 15.
Nbd2 d5 16. Qa2 Nd7 17. Rab1 Qc7 18. d4 Rab8 19. Rfe1 f6 20. exd5 Nxd5 21. Ne4
Kh8 22. c4 Nb4 23. Qe2 exd4 24. Nxd4 Qe5 25. Rxb4 Qxd4 26. Rxb8 Rxb8 27. h3 Rb2
28. Qg4 h6 29. Rd1 f5 30. Rxd4 fxg4 31. Rxd7 gxh3 32. gxh3 Rc2 33. Nd6 Ra2 34.
Rc7 Rxa4 35. Rxc6 Ra1+ 36. Kg2 a4 37. Nb5 a3 38. Ra6 a2 39. c5 Rb1 40. Rxa2
Rxb5 41. Rc2 Rb7 42. Kf3 1/2-1/2

[Event "Afternoon Class (February)"]
[Site "Farmington Hills, Mich."]
[Date "1991.02.09"]
[Round "1"]
[White "Moody, David"]
[Black "Gabbara, Faris"]
[Result "0-1"]
[WhiteElo "2061"]
[BlackElo "2139"]
[PlyCount "51"]
[EventDate "1991.02.09"]

1. e4 e5 2. Nf3 Nf6 3. Bc4 Nxe4 4. Nc3 Nxc3 5. dxc3 f6 6. Nh4 g6 7. O-O d6 8.
f4 Qe7 9. f5 Qg7 10. Qf3 Be7 11. Qg3 g5 12. Qg4 Kf8 13. Qh5 Bd7 14. Nf3 Be8 15.
Qg4 h5 16. Qe4 c6 17. Nxg5 fxg5 18. f6 Bxf6 19. Qf5 d5 20. Bxg5 Rg8 21. Qe6
Qxg5 22. Rxf6+ Kg7 23. Raf1 dxc4 24. Qe7+ Kh8 25. g3 Nd7 26. R6f5 0-1

[Event "Morning Quad (February)"]
[Site "Farmington Hills, Mich."]
[Date "1991.02.09"]
[Round "1"]
[White "Moody, David"]
[Black "Calton, Bill"]
[Result "1/2-1/2"]
[WhiteElo "2061"]
[BlackElo "2038"]
[PlyCount "78"]
[EventDate "1991.02.09"]

1. e4 Nf6 2. d3 d5 3. Nd2 dxe4 4. dxe4 Bg4 5. Be2 Bxe2 6. Qxe2 Nc6 7. Ngf3 e6
8. O-O Bc5 9. e5 Nd5 10. Ne4 Qe7 11. Bg5 Qf8 12. c4 Nb6 13. Rfd1 h6 14. Bh4 Be7
15. Ng3 Bxh4 16. Nxh4 Qc5 17. Nh5 Qxe5 18. Qxe5 Nxe5 19. Nxg7+ Ke7 20. b3 Rhg8
21. Nh5 Rg4 22. g3 Rgg8 23. Re1 Nc6 24. Nf5+ Kf8 25. Nh4 Rd8 26. Rad1 Rxd1 27.
Rxd1 Ke7 28. f4 Nd7 29. Kf2 f6 30. f5 e5 31. Ng6+ Rxg6 32. fxg6 Nd4 33. Ke3 c5
34. Ke4 Ke6 35. g4 Nb8 36. Rf1 Nd7 37. h4 Nc6 38. g5 hxg5 39. hxg5 Ne7 1/2-1/2

[Event "Morning Quad (February)"]
[Site "Farmington Hills, Mich."]
[Date "1991.02.09"]
[Round "3"]
[White "Baze, Lineas"]
[Black "Moody, David"]
[Result "1-0"]
[WhiteElo "2135"]
[BlackElo "2061"]
[PlyCount "66"]
[EventDate "1991.02.09"]

1. e4 e5 2. Nf3 Nc6 3. Bc4 Bc5 4. c3 Nf6 5. d4 exd4 6. cxd4 Bb4+ 7. Nc3 Nxe4 8.
O-O Bxc3 9. d5 Ne5 10. bxc3 Nxc4 11. Qd4 Ncd6 12. Re1 O-O 13. Rxe4 Nxe4 14.
Qxe4 Re8 15. Qd3 Qe7 16. Be3 d6 17. Ng5 g6 18. h4 Bf5 19. Qd2 c6 20. Re1 c5 21.
Nf3 Qd7 22. c4 Rab8 23. Qc3 Be4 24. Bh6 f6 25. Nh2 Qf5 26. f3 Bd3 27. Rxe8+
Rxe8 28. Ng4 Kf7 29. Bd2 Ke7 30. Nxf6 Rf8 31. Nxh7 Rf7 32. Ng5 Rf8 33. Qg7+ Ke8
1-0

[Event "Lansing Mini-Swiss (February)"]
[Site "Lansing, Mich."]
[Date "1991.02.10"]
[Round "2"]
[White "Moody, David"]
[Black "Noren, Kevin"]
[Result "0-1"]
[WhiteElo "2061"]
[BlackElo "2300"]
[PlyCount "40"]
[EventDate "1991.02.10"]

1. e4 e5 2. Nf3 Nc6 3. d4 exd4 4. Bc4 Nf6 5. O-O d6 6. Nxd4 Be7 7. Nc3 O-O 8.
h3 Nxd4 9. Qxd4 c6 10. Be3 Qc7 11. Qd2 b5 12. Bd3 b4 13. Ne2 d5 14. exd5 Nxd5
15. Bd4 Rd8 16. c4 bxc3 17. Nxc3 Nf4 18. Bc4 Bf6 19. Rfe1 Bf5 20. Qe3 Bxd4 0-1

[Event "Lansing Mini-Swiss (February)"]
[Site "Lansing, Mich."]
[Date "1991.02.10"]
[Round "1"]
[White "Moody, David"]
[Black "Cunningham, Robin"]
[Result "0-1"]
[WhiteElo "2061"]
[BlackElo "2243"]
[PlyCount "62"]
[EventDate "1991.02.10"]

1. e4 c6 2. d4 d5 3. exd5 cxd5 4. Bd3 Nc6 5. c3 Nf6 6. Bf4 Bg4 7. Qb3 Qc8 8.
Nd2 e6 9. Ngf3 Be7 10. O-O Bh5 11. Rae1 Bg6 12. Qc2 O-O 13. Ne5 Re8 14. h3 Nxd4
15. cxd4 Qxc2 16. Bxc2 Bxc2 17. Rc1 Rac8 18. Ndc4 Bd3 19. Nxd3 dxc4 20. Ne5 Nd5
21. Bd2 b5 22. a4 f6 23. Nf3 a6 24. axb5 axb5 25. Ra1 Ra8 26. Rfc1 Bb4 27. Bxb4
Nxb4 28. Rxa8 Rxa8 29. Ne1 Ra2 30. Rb1 Nd5 31. Nc2 c3 0-1

[Event "Trenton Action (February)"]
[Site "Trenton, Mich."]
[Date "1991.02.16"]
[Round "2"]
[White "Stockham, James"]
[Black "Moody, David"]
[Result "0-1"]
[WhiteElo "1832"]
[BlackElo "2061"]
[PlyCount "81"]
[EventDate "1991.02.16"]

1. e4 e5 2. Nc3 Nf6 3. Nf3 Nc6 4. d4 exd4 5. Nxd4 Bb4 6. Nxc6 bxc6 7. Bd3 O-O
8. O-O Re8 9. Bg5 Bxc3 10. bxc3 h6 11. Bxf6 Qxf6 12. Qd2 d5 13. exd5 cxd5 14.
Rfe1 Bf5 15. Rxe8+ Rxe8 16. Re1 Rxe1+ 17. Qxe1 Bxd3 18. cxd3 Kf8 19. g3 Qe6 20.
Qxe6 fxe6 21. d4 Ke7 22. f4 Kd6 23. Kf2 Kc6 24. Ke3 Kb5 25. Kd3 g6 26. g4 h5
27. h3 hxg4 28. hxg4 a6 29. Kd2 Ka4 30. Kc2 Ka3 31. Kb1 a5 32. Ka1 Ka4 33. Kb2
Kb5 34. Kb3 a4+ 35. Kb2 c5 36. dxc5 Kxc5 37. Kc2 Kc4 38. Kb2 Kd3 39. Ka3 Kxc3
40. Kxa4 d4 41. Kb5 0-1

[Event "Trenton Action (February)"]
[Site "Trenton, Mich."]
[Date "1991.02.16"]
[Round "1"]
[White "Moody, David"]
[Black "Fulton, Gary"]
[Result "1-0"]
[WhiteElo "2061"]
[BlackElo "1563"]
[PlyCount "69"]
[EventDate "1991.02.16"]

1. e4 d5 2. Nc3 d4 3. Nce2 e5 4. Ng3 Bd6 5. Bc4 Nf6 6. d3 O-O 7. Nf3 Be6 8. Bb3
Nbd7 9. Ng5 Bxb3 10. axb3 Be7 11. O-O Ne8 12. Nh3 Nd6 13. Qh5 Nf6 14. Qxe5 c5
15. Nf5 Nxf5 16. Qxf5 Qd7 17. Qxd7 Nxd7 18. Bf4 a6 19. Ng5 h6 20. Nf3 g5 21.
Bg3 f5 22. exf5 Rxf5 23. Rfe1 Bf6 24. Re6 g4 25. Nd2 Rf8 26. Rae1 h5 27. Ne4 h4
28. Nxf6+ R8xf6 29. Bxh4 Rxe6 30. Rxe6 Kf7 31. Re7+ Kg6 32. Rxd7 c4 33. bxc4
Ra5 34. Rd6+ Kf7 35. Kf1 1-0

[Event "Trenton Action (February)"]
[Site "Trenton, Mich."]
[Date "1991.02.16"]
[Round "3"]
[White "Moody, David"]
[Black "Finegold, Mark"]
[Result "0-1"]
[WhiteElo "2061"]
[BlackElo "2196"]
[PlyCount "70"]
[EventDate "1991.02.16"]

1. e4 Nc6 2. d4 d5 3. e5 Bf5 4. Nf3 e6 5. Bd3 Bxd3 6. Qxd3 f6 7. Bf4 fxe5 8.
Nxe5 Nxe5 9. Bxe5 Qd7 10. Nc3 Bd6 11. Qg3 Nf6 12. O-O O-O-O 13. Rae1 h5 14. Qg6
Rh6 15. Qd3 a6 16. h3 g5 17. f4 gxf4 18. Rxf4 Ne8 19. Ref1 c5 20. Rf7 Qc6 21.
Qf3 cxd4 22. Bxd4 Bc5 23. Qe3 Bxd4 24. Qxd4 Nd6 25. Rf8 Nf5 26. Rxd8+ Kxd8 27.
g4 hxg4 28. hxg4 Qd6 29. Qf2 Rg6 30. Qg2 Ne3 31. Qh3 Rxg4+ 32. Kh1 Nxf1 33.
Qxf1 Rh4+ 34. Kg2 Qh2+ 35. Kf3 Rf4+ 0-1

[Event "Trenton Action (February)"]
[Site "Trenton, Mich."]
[Date "1991.02.16"]
[Round "5"]
[White "Moody, David"]
[Black "Bolda, Matt"]
[Result "1/2-1/2"]
[WhiteElo "2061"]
[BlackElo "1767"]
[PlyCount "78"]
[EventDate "1991.02.16"]

1. e4 d5 2. Nc3 dxe4 3. Nxe4 Bf5 4. Ng3 Bg6 5. Nf3 Nf6 6. h4 h6 7. Ne5 Bh7 8.
Bc4 e6 9. Qe2 Qd6 10. d4 Nc6 11. c3 Nd5 12. Bb5 Be7 13. Qc4 O-O 14. Bxc6 Nb6
15. Qc5 Qd8 16. Qb5 a6 17. Qe2 bxc6 18. Nxc6 Qd7 19. Nxe7+ Qxe7 20. Nh5 Bg6 21.
Nf4 Bh7 22. Be3 Rad8 23. O-O-O Nd5 24. Nxd5 Rxd5 25. g4 Ra5 26. Qc4 Be4 27.
Rhg1 Bd5 28. Qe2 Rxa2 29. g5 Bb3 30. Rdf1 Rb8 31. gxh6 g6 32. Qd3 Bc4 33. Qxc4
Rbxb2 34. Qc5 Rc2+ 35. Kd1 Qd7 36. Qe5 Ra1+ 37. Kxc2 Qa4+ 38. Kd2 Ra2+ 39. Kd3
Qc2+ 1/2-1/2

[Event "Boynton Quads (February)"]
[Site "Detroit, Mich."]
[Date "1991.02.17"]
[Round "3"]
[White "Moody, David"]
[Black "Gabbara, Faris"]
[Result "0-1"]
[WhiteElo "2061"]
[BlackElo "2039"]
[PlyCount "28"]
[EventDate "1991.02.17"]

1. e4 e5 2. Bc4 Nf6 3. Nc3 Nc6 4. d3 Bb4 5. Nf3 O-O 6. Bg5 d6 7. O-O Bxc3 8.
bxc3 Be6 9. Bb3 h6 10. Bh4 g5 11. Nxg5 hxg5 12. Bxg5 Kh7 13. Qf3 Kg6 14. Qg3
Nxe4 0-1

[Event "Boynton Quads (February)"]
[Site "Detroit, Mich."]
[Date "1991.02.17"]
[Round "2"]
[White "Moody, David"]
[Black "Calton, Bill"]
[Result "1-0"]
[WhiteElo "2061"]
[BlackElo "2038"]
[PlyCount "65"]
[EventDate "1991.02.17"]

1. d4 d6 2. e4 g6 3. Nf3 Bg7 4. Bc4 Nd7 5. Bxf7+ Kf8 6. Ng5 Ndf6 7. Be6 h6 8.
Nf7 Qe8 9. Bb3 Nxe4 10. Nxh8 Bxh8 11. Qf3+ Nef6 12. Bxg8 Kxg8 13. Bxh6 Bg4 14.
Qb3+ d5 15. O-O Kh7 16. Bg5 Qd7 17. Re1 Ne4 18. Be3 Rf8 19. Nc3 c6 20. Nxe4
dxe4 21. Qc4 Rf5 22. c3 Rh5 23. Qf7+ Bg7 24. d5 Qd6 25. Bf4 Qc5 26. Rxe4 Rf5
27. Be3 Qb5 28. Qxe7 Qxb2 29. Re1 Rxd5 30. Rxg4 Qxc3 31. Rh4+ Kg8 32. Qe8+ Bf8
33. Bd4 1-0

[Event "Boynton Quads (February)"]
[Site "Detroit, Mich."]
[Date "1991.02.17"]
[Round "1"]
[White "Cunningham, Robin"]
[Black "Moody, David"]
[Result "1-0"]
[WhiteElo "2243"]
[BlackElo "2061"]
[PlyCount "73"]
[EventDate "1991.02.17"]

1. e4 e5 2. Nf3 Nc6 3. Bb5 a6 4. Ba4 Nf6 5. O-O Be7 6. Re1 b5 7. Bb3 O-O 8. c3
d5 9. exd5 Nxd5 10. Nxe5 Nxe5 11. Rxe5 c6 12. Bxd5 cxd5 13. d4 Bd6 14. Re3 f5
15. Qf3 Kh8 16. Nd2 f4 17. Re1 Qg5 18. h3 Bd7 19. Nf1 Rf6 20. Nh2 Rg6 21. Ng4
Bxg4 22. hxg4 Rf8 23. Bd2 Qxg4 24. Qxg4 Rxg4 25. f3 Rg6 26. a4 h5 27. axb5 axb5
28. Ra6 Rf5 29. Kf1 Rfg5 30. Rxd6 Rxd6 31. Bxf4 Rgg6 32. Bxd6 Rxd6 33. Re8+ Kh7
34. Rb8 Kg6 35. Rxb5 h4 36. Kf2 Kh6 37. f4 1-0

[Event "Trenton Quads (March)"]
[Site "Trenton, Mich."]
[Date "1991.03.17"]
[Round "2"]
[White "Moody, David"]
[Black "Gabbara, Faris"]
[Result "1-0"]
[WhiteElo "2061"]
[BlackElo "2139"]
[PlyCount "135"]
[EventDate "1991.03.17"]

1. e4 e5 2. Bc4 Nf6 3. Nc3 Nc6 4. d3 Bb4 5. Nf3 O-O 6. O-O Bxc3 7. bxc3 d5 8.
exd5 Nxd5 9. Ng5 h6 10. Ne4 f5 11. Qh5 f4 12. Qf3 Kh8 13. Ba3 Rf5 14. Nd6 cxd6
15. Qxd5 Rf6 16. Rab1 f3 17. Rfe1 Be6 18. Qb5 Bxc4 19. Qxc4 Rf4 20. Qe6 Qg5 21.
Qh3 Qg6 22. Qg3 Qf5 23. Rxb7 Rg4 24. Rf7 Qxf7 25. Qxg4 fxg2 26. Qxg2 d5 27. Re3
Rb8 28. Qf3 Qg6+ 29. Qg3 Qh5 30. Rf3 e4 31. Rf8+ Rxf8 32. Bxf8 Qf7 33. Bd6 Qf6
34. d4 Na5 35. Be5 Qf7 36. Qh4 Nc4 37. Qxh6+ Kg8 38. Qg5 Qd7 39. Qg6 Nd2 40.
Qd6 Qg4+ 41. Kh1 Qd1+ 42. Kg2 Qf1+ 43. Kg3 Qg1+ 44. Kh3 Qxf2 45. Qd8+ Kh7 46.
Qh4+ Qxh4+ 47. Kxh4 Kg6 48. Kg4 Nb1 49. c4 dxc4 50. d5 Nd2 51. Kf4 a6 52. Ke3
Kf5 53. d6 Kxe5 54. d7 Nf1+ 55. Ke2 Nxh2 56. d8=Q Nf3 57. Qc7+ Kd4 58. Qxg7+
Kd5 59. Qd7+ Ke5 60. Qc7+ Kd4 61. Qd6+ Kc3 62. Qxa6 Nd4+ 63. Kd1 Nxc2 64. Qa5+
Nb4 65. a3 Kd3 66. Qxb4 c3 67. Qd6+ Ke3 68. Kc2 1-0

[Event "Trenton Quads (March)"]
[Site "Trenton, Mich."]
[Date "1991.03.17"]
[Round "1"]
[White "Cunningham, Robin"]
[Black "Moody, David"]
[Result "1-0"]
[WhiteElo "2243"]
[BlackElo "2061"]
[PlyCount "79"]
[EventDate "1991.03.17"]

1. Nf3 f5 2. e4 e5 3. Nxe5 Qf6 4. Nc4 fxe4 5. Nc3 c6 6. Nxe4 Qe6 7. Qh5+ Kd8 8.
Qe5 d5 9. Qxe6 Bxe6 10. Ng5 Ke7 11. Ne3 Kf6 12. Nxe6 Kxe6 13. d4 Nf6 14. Bd3
Bd6 15. Nf5 g6 16. Nxd6 Kxd6 17. Bf4+ Ke6 18. O-O Nbd7 19. Rfe1+ Kf7 20. Be5
Rhe8 21. Bxf6 Nxf6 22. f3 Nh5 23. g3 Ng7 24. Kf2 Ne6 25. c3 c5 26. dxc5 Nxc5
27. Bc2 Rad8 28. Rxe8 Kxe8 29. Rd1 Ke7 30. b4 Ne6 31. Bb3 Nc7 32. f4 Nb5 33.
Rxd5 Rxd5 34. Bxd5 Nxc3 35. Bb3 Kd6 36. Ke3 Kc6 37. Kd3 Nb5 38. Ba4 Kb6 39.
Bxb5 Kxb5 40. Kc3 1-0

[Event "Trenton Quads (March)"]
[Site "Trenton, Mich."]
[Date "1991.03.17"]
[Round "3"]
[White "Chehayeb, Salah"]
[Black "Moody, David"]
[Result "1-0"]
[WhiteElo "2166"]
[BlackElo "2061"]
[PlyCount "53"]
[EventDate "1991.03.17"]

1. e4 e5 2. Nf3 Nc6 3. Bb5 a6 4. Ba4 Nf6 5. O-O Be7 6. Re1 b5 7. Bb3 O-O 8. c3
d5 9. exd5 Nxd5 10. Nxe5 Nxe5 11. Rxe5 c6 12. d4 Bd6 13. Re1 Qh4 14. g3 Qh3 15.
Qf3 Bf5 16. Qg2 Rae8 17. Qxh3 Bxh3 18. Be3 Re6 19. Nd2 f5 20. Nf3 h6 21. Bd2
Rxe1+ 22. Rxe1 f4 23. Ne5 fxg3 24. hxg3 Kh7 25. Bc2+ Kg8 26. Nxc6 Rc8 27. Bb3
1-0

[Event "Michigan Collegiate Championshp"]
[Site "Ann Arbor, Mich."]
[Date "1991.04.06"]
[Round "1"]
[White "Moody, David"]
[Black "Pope, Nick"]
[Result "1/2-1/2"]
[WhiteElo "2061"]
[BlackElo "1563"]
[PlyCount "58"]
[EventDate "1991.04.06"]

1. e4 d5 2. Nc3 d4 3. Nce2 Nc6 4. Ng3 g6 5. Bc4 Bg7 6. Nf3 Bg4 7. Bxf7+ Kd7 8.
Bc4 e5 9. d3 Bxf3 10. Qxf3 Qf6 11. Qg4+ Ke8 12. Bg5 Qd6 13. O-O Nf6 14. Bxf6
Bxf6 15. Rae1 Ke7 16. f4 Raf8 17. f5 g5 18. Nh5 h6 19. Rf3 Nd8 20. Kf2 a5 21.
Ke2 Qb4 22. Rb1 b5 23. Be6 Qd6 24. Rbf1 Qb4 25. Bb3 Qc5 26. Nxf6 Rxf6 27. h4 a4
28. hxg5 hxg5 29. Be6 Qxc2+ 1/2-1/2

[Event "Michigan Collegiate Championshp"]
[Site "Ann Arbor, Mich."]
[Date "1991.04.06"]
[Round "2"]
[White "Moody, David"]
[Black "Aldrich, Jeff"]
[Result "1-0"]
[WhiteElo "2061"]
[BlackElo "1710"]
[PlyCount "115"]
[EventDate "1991.04.06"]

1. e4 c6 2. d4 d5 3. exd5 cxd5 4. Bd3 Nc6 5. c3 Nf6 6. Bf4 e6 7. Nf3 Be7 8.
Nbd2 Bd7 9. O-O O-O 10. Ne5 h6 11. Ndf3 Be8 12. Qd2 Ne4 13. Qe3 f5 14. Nxc6
bxc6 15. Ne5 g5 16. Qh3 gxf4 17. Qxh6 Bg5 18. Qxe6+ Kh8 19. Nxc6 Bxc6 20. Qxc6
Rf6 21. Qa4 f3 22. Qc2 Rh6 23. Rfe1 fxg2 24. f3 Nd2 25. Kxg2 Bf4 26. Rh1 Qg5+
27. Kf2 Rxh2+ 28. Rxh2+ Bxh2 29. Rh1 Qg3+ 30. Ke3 f4+ 31. Kxd2 Qg2+ 32. Be2
Qxh1 33. Qf5 Qg2 34. Qe5+ Kh7 35. Qh5+ Kg7 36. Qe5+ Kh6 37. Qe6+ Qg6 38. Qh3+
Qh5 39. Qe6+ Kg7 40. Qe7+ Qf7 41. Qg5+ Qg6 42. Qe7+ Kg8 43. Bd3 Re8 44. Qd7
Qg2+ 45. Kd1 Qxf3+ 46. Kc2 Qg2+ 47. Kd1 Qf3+ 48. Kc2 Qf2+ 49. Kb3 Rb8+ 50. Ka4
Qxb2 51. Qxd5+ Kg7 52. Qg5+ Kf8 53. Qf6+ Ke8 54. Bg6+ Kd7 55. Bf5+ Kc7 56. Qe7+
Kb6 57. Qc5+ Ka6 58. Qc6+ 1-0

[Event "Michigan Collegiate"]
[Site "Ann Arbor, MI"]
[Date "1991.04.06"]
[Round "1"]
[White "Aldrich, Jeff"]
[Black "Rogers, Bradley"]
[Result "0-1"]
[WhiteElo "1710"]
[BlackElo "2175"]
[PlyCount "60"]
[EventDate "1991.04.06"]

1. d4 Nf6 2. c4 c5 3. d5 b5 4. cxb5 a6 5. bxa6 g6 6. Nc3 Bxa6 7. g3 Bg7 8. Bg2
O-O 9. Bg5 d6 10. Nf3 Nbd7 11. O-O Nb6 12. Re1 h6 13. Bxf6 Bxf6 14. e4 Nc4 15.
Qc2 Qa5 16. Rac1 Rfb8 17. b3 Na3 18. Qd2 Bg7 19. e5 c4 20. Bf1 cxb3 21. Bxa6 b2
22. Rcd1 Qxa6 23. Nb1 Nc4 24. Qe2 Qxa2 25. Nc3 Qb3 26. Rd3 Bxe5 27. Nb1 Qb4 28.
Nxe5 Nxe5 29. Rd2 Ra1 30. Rc2 Qxe1+ 0-1